000 00806nam a2200241 i 4500
003 DO-SdBNP
005 20260321073646.0
007 ta
008 250319s2019 dr 000 0 spa d
040 _aDO-SdBNP
_bspa
_cBNPHU
_erda
082 _axxx
_bP723
_222
100 1 _a Bosch, Juan,
_d1909-2001
_976555
245 1 0 _aPlazos claves para las candidaturas del 2020 :
_bdespúes de las elecciones primarias, folleto informativo
264 1 _aSanto Domingo :
_bPrograma de las Naciones Unidas para el Desarrollo (PNUD),
_c2019
300 _a10 páginas ;
_c22 cm.
336 _2rdacontent
_atexto
_btxt
337 _2rdamedia
_asin mediación
_bn
338 _2rdacarrier
_avolumen
_bnc
590 _aInventariado, 2025/DG
600 1 0 _a Bosch, Juan,
_d1909-2001
_976555
910 _aDG
942 _2ddc
_cLF2
999 _c58470
_d58470